000 00818nam a2200253Ia 4500
003 OSt
005 20221005105709.0
006 a|||||r|||| 00| 0
007 ta
008 221004b |||||||| |||| 00| 0 hin d
024 _a29830
037 _cTextual
040 _aCRL
_cCRL
_bhin
041 _2hin
_ahin
082 _aW, N9
100 _aखन्ना, वी. एन.
245 0 _aअंतर्राष्ट्रीय संबंध
246 _aAantarrāṣhṭrīya sanbandha
250 _aतृतीय संस्करण
260 _aनई दिल्ली
_bविकास पब्लिशिंग हाउस भारत
_c1999
300 _a595पृ.
_ccm.
942 _hW, N9
_cTEXL
_2cc
999 _c1016608
_d1016608